Statistics for Dense Countries Bordering Sparse Countries

Click here to take the quiz!

General Stats

  • This quiz has been taken 2,505 times
    (1,615 since last reset)
  • The average score is 23 of 35

Answer Stats

Country% Correct
China
98%
Russia
97%
Mongolia
93%
India
89%
Kazakhstan
86%
France
83%
Bhutan
80%
North Korea
80%
Monaco
79%
Uzbekistan
73%
D.R. of the Congo
72%
Niger
70%
Nigeria
67%
Egypt
66%
Libya
66%
Chad
65%
South Africa
65%
Suriname
64%
Azerbaijan
63%
Poland
63%
Bangladesh
62%
Namibia
62%
Myanmar
61%
Saudi Arabia
61%
Rwanda
60%
Botswana
59%
Tunisia
59%
Qatar
58%
Burundi
57%
Kuwait
54%
Uganda
48%
Mauritania
46%
Morocco
45%
South Sudan
45%
Senegal
42%

Score Distribution

Percentile by Number Answered

Percent of People with Each Score

Your Score History

You have not taken this quiz since the last reset